Measurement System Analysis: Gage Repeatability & Reproducibility evaluation of a Quality Control Laboratory involved in discrete custom-made products’ inspection / (Record no. 535223)

000 -LEADER
fixed length control field 00687nam a22001697a 4500
020 ## - INTERNATIONAL STANDARD BOOK NUMBER
Qualifying information Hard Cover
082 ## - DEWEY DECIMAL CLASSIFICATION NUMBER
Classification number 200
100 ## - MAIN ENTRY--PERSONAL NAME
Personal name Waseem, Ayesha
245 ## - TITLE STATEMENT
Title Measurement System Analysis: Gage Repeatability & Reproducibility evaluation of a Quality Control Laboratory involved in discrete custom-made products’ inspection /
Statement of responsibility, etc. Ayesha Waseem.
260 ## - PUBLICATION, DISTRIBUTION, ETC.
Place of publication, distribution, etc. Islamabad:
Name of publisher, distributor, etc. PNEC NUST,
Date of publication, distribution, etc. 2011.
300 ## - PHYSICAL DESCRIPTION
Extent 117 p. :
Other physical details ill. ;
Dimensions 30cm.
650 ## - SUBJECT ADDED ENTRY--TOPICAL TERM
Topical term or geographic name entry element MS-Manufacturing Engineering and Management.
700 ## - ADDED ENTRY--PERSONAL NAME
Linkage Supervisor:Dr. Sajid Saleem
856 ## - Uniform Resource Identifier
Uniform Resource Identifier <a href=" http://10.250.8.41:8080/xmlui/handle/123456789/21240"> http://10.250.8.41:8080/xmlui/handle/123456789/21240</a>
942 ## - ADDED ENTRY ELEMENTS (KOHA)
Source of classification or shelving scheme
Koha item type Soft Copy
650 ## - SUBJECT ADDED ENTRY--TOPICAL TERM
-- 127282
Holdings
Withdrawn status Lost status Source of classification or shelving scheme Damaged status Not for loan Permanent Location Current Location Shelving location Date acquired Full call number Barcode Date last seen Price effective from Non-public note Koha item type
          Central Library (CL) Central Library (CL) Thesis 08/31/2020 200 CL-T-6176 08/31/2020 08/31/2020 Minute Sheet No. 0929/02/CL/Survey/5 dated 23rd April 2024 E-MIN ID 114741 Soft Copy
© 2023 Central Library, National University of Sciences and Technology. All Rights Reserved.